| 000 | 01247nam a22002657a 4500 | ||
|---|---|---|---|
| 005 | 20140416170623.0 | ||
| 008 | 140313b xxu||||| |||| 00| 0 hin d | ||
| 010 | _aHIN-88876 B-528873-888 | ||
| 020 |
_a9788121613774 _c135.00 |
||
| 035 | _aHN-61222 B-528873-888 | ||
| 037 | _bDBAD/PUB | ||
| 037 | _bUBH/ | ||
| 040 |
_aDPL _bHN |
||
| 082 | _aक | ||
| 100 |
_aप्रेमचन्द _91393 |
||
| 245 |
_aप्रेमचन्द की श्रेष्ठ कहानियाँ/ _cप्रेमचन्द |
||
| 246 |
_aPremchand ki shrest kahaniyan / _bby Premchand |
||
| 260 |
_aनई दिल्ली _bहिन्द पॉकेट बुक्स _c2012 |
||
| 270 |
_aजे-40, जोरबाग लेन _bनई दिल्ली _e110003 |
||
| 300 |
_a195 पृ. _c19 से.मी (सजिल्द) _bसचित्र |
||
| 650 |
_aलघु कथाएँ, हिन्दी _91169 |
||
| 650 |
_aShort stories, Hindi _97750 |
||
| 942 |
_2ddc _cHN _hक _mप्रेमच |
||
| 999 |
_c83014 _d83014 |
||